<?xml version="1.0" encoding="UTF-8"?>
<record
    xmlns:xsi="http://www.w3.org/2001/XMLSchema-instance"
    xsi:schemaLocation="http://www.loc.gov/MARC21/slim http://www.loc.gov/standards/marcxml/schema/MARC21slim.xsd"
    xmlns="http://www.loc.gov/MARC21/slim">

  <leader>01460nam a22003257i 4500</leader>
  <datafield tag="999" ind1=" " ind2=" ">
    <subfield code="c">23036</subfield>
    <subfield code="d">23036</subfield>
  </datafield>
  <controlfield tag="003">AR-CdUCM</controlfield>
  <controlfield tag="008">240912b20122012 pea|||| |||| 00| 0 spa d</controlfield>
  <datafield tag="020" ind1=" " ind2=" ">
    <subfield code="a">978-612-4168-27-7</subfield>
  </datafield>
  <datafield tag="040" ind1=" " ind2=" ">
    <subfield code="a">MUNICIPALIDAD PROVINCIAL DEL CUSCO</subfield>
    <subfield code="c">BIBLIOTECA MUNICIPAL DEL CUSCO</subfield>
  </datafield>
  <datafield tag="082" ind1=" " ind2=" ">
    <subfield code="a">631.3 / R24</subfield>
    <subfield code="b">R24</subfield>
  </datafield>
  <datafield tag="100" ind1=" " ind2=" ">
    <subfield code="a">Ramos Alata, Dawes</subfield>
  </datafield>
  <datafield tag="245" ind1=" " ind2=" ">
    <subfield code="a">Maquinaria y Mecanizaci&#xF3;n Agr&#xED;cola I /</subfield>
  </datafield>
  <datafield tag="260" ind1=" " ind2=" ">
    <subfield code="a">Puno-Per&#xFA; :</subfield>
    <subfield code="b">Universidad Nacional del Altiplano</subfield>
    <subfield code="c">2012</subfield>
  </datafield>
  <datafield tag="300" ind1=" " ind2=" ">
    <subfield code="a">279 p&#xE1;ginas. :</subfield>
    <subfield code="c">21 cm.</subfield>
  </datafield>
  <datafield tag="500" ind1=" " ind2=" ">
    <subfield code="z">Bibliograf&#xED;a: P&#xE1;gina 279</subfield>
  </datafield>
  <datafield tag="505" ind1=" " ind2=" ">
    <subfield code="a">Importancia de la Mecanizaci&#xF3;n Agr&#xED;cola -- Funciones y tareas de la Mecanizaci&#xF3;n Agr&#xED;cola -- Tareas y objetivos de la mecanizaci&#xF3;n Agr&#xED;cola -- Efectos de la Mecanizaci&#xF3;n Agr&#xED;cola -- Evoluci&#xF3;n de la historia de la mecanizaci&#xF3;n -- Datos hist&#xF3;ricos de la evoluci&#xF3;n -- Importancia social de la mecanizaci&#xF3;n -- Niveles tecnol&#xF3;gicos</subfield>
  </datafield>
  <datafield tag="650" ind1=" " ind2=" ">
    <subfield code="a">Mecanizaci&#xF3;n Agr&#xED;cola</subfield>
    <subfield code="9">50349</subfield>
  </datafield>
  <datafield tag="650" ind1=" " ind2=" ">
    <subfield code="a">Importancia de la Mecanizaci&#xF3;n</subfield>
    <subfield code="9">50350</subfield>
  </datafield>
  <datafield tag="650" ind1=" " ind2=" ">
    <subfield code="a">Tipos de sistemas de lubricaci&#xF3;n</subfield>
    <subfield code="9">50351</subfield>
  </datafield>
  <datafield tag="650" ind1=" " ind2=" ">
    <subfield code="a">Maquinaria Agr&#xED;cola </subfield>
    <subfield code="9">50352</subfield>
  </datafield>
  <datafield tag="650" ind1=" " ind2=" ">
    <subfield code="a">Materiales y elementos en la mecanizaci&#xF3;n agr&#xED;cola </subfield>
    <subfield code="9">50353</subfield>
  </datafield>
  <datafield tag="650" ind1=" " ind2=" ">
    <subfield code="a">Niveles Tecnol&#xF3;gicos</subfield>
    <subfield code="9">50354</subfield>
  </datafield>
  <datafield tag="650" ind1=" " ind2=" ">
    <subfield code="a">Tracci&#xF3;n motriz</subfield>
    <subfield code="9">50355</subfield>
  </datafield>
  <datafield tag="650" ind1=" " ind2=" ">
    <subfield code="a">Sistema de motores</subfield>
    <subfield code="9">50356</subfield>
  </datafield>
  <datafield tag="700" ind1=" " ind2=" ">
    <subfield code="a">Mayta Quispe, Julio</subfield>
    <subfield code="9">50357</subfield>
  </datafield>
  <datafield tag="856" ind1=" " ind2=" ">
    <subfield code="f">corpanorsac@hotmail.com</subfield>
  </datafield>
  <datafield tag="942" ind1=" " ind2=" ">
    <subfield code="2">ddc</subfield>
    <subfield code="c">LIBROS</subfield>
  </datafield>
  <datafield tag="945" ind1=" " ind2=" ">
    <subfield code="a">pbj</subfield>
    <subfield code="d">2024/09/12</subfield>
  </datafield>
  <datafield tag="952" ind1=" " ind2=" ">
    <subfield code="0">0</subfield>
    <subfield code="2">ddc</subfield>
    <subfield code="4">0</subfield>
    <subfield code="7">0</subfield>
    <subfield code="a">SC</subfield>
    <subfield code="b">SC</subfield>
    <subfield code="c">CART</subfield>
    <subfield code="d">2024-09-12</subfield>
    <subfield code="e">Donaci&#xF3;n</subfield>
    <subfield code="g">20.00</subfield>
    <subfield code="o">631.3 / R24</subfield>
    <subfield code="p">SC0000002391</subfield>
    <subfield code="r">2024-09-12</subfield>
    <subfield code="y">LIBROS</subfield>
  </datafield>
</record>
